[Event "9th BPB Limburg Open 2015"]
[Site "Maastricht NED"]
[Date "2015.05.25"]
[Round "6.6"]
[White "Van Dooren, Dirk"]
[Black "Coenen, Michael"]
[Result "1/2-1/2"]
[WhiteTitle "FM"]
[WhiteElo "2284"]
[BlackElo "2428"]
[WhiteFideId "1015761"]
[BlackFideId "4697367"]
[EventDate "2015.05.22"]

1. e4 c5 2. c3 Nf6 3. e5 Nd5 4. g3 d6 5. exd6 e6 6. Bg2 Bxd6 7. Nf3 Nc6 8. O-O
O-O 9. d4 cxd4 10. Nxd4 Nxd4 11. Qxd4 Qc7 12. Nd2 Bd7 13. Ne4 Be5 14. Qc5 Qb8
15. Qa3 Bc6 16. Bd2 Nb6 17. b3 Qc7 18. Rad1 f5 19. Ng5 Bxg2 20. Kxg2 Qc6+ 21.
Kg1 h6 22. Rfe1 Bd6 23. Qa5 hxg5 24. Rxe6 Rae8 25. Rxe8 Qxe8 26. Bxg5 Bc7 27. c4
f4 28. c5 Qh5 29. Qe1 fxg3 30. hxg3 Qxg5 31. Qe6+ Rf7 32. Qe8+ Rf8 33. Qe6+ Kh8
34. Kg2 Rf6 35. Rh1+ Rh6 36. cxb6 Bxb6 37. f4 Qd8 38. Rxh6+ gxh6 39. Qxh6+ Kg8
40. Qg6+ Kf8 41. Qf5+ Ke8 42. Qe6+ Qe7 43. Qc8+ Bd8 44. Qc4 a6 45. g4 Kd7 46. g5
Qe6 47. Qd3+ Kc8 48. Kg3 Bc7 49. g6 Qf6 50. Qe4 Kd7 51. Kg4 Qe6+ 52. Qxe6+ Kxe6
53. Kg5 Bd8+ 54. Kh6 Bf6 55. Kh7 Kf5 56. g7 Bxg7 57. Kxg7 Kxf4 58. Kf6 Ke4 59.
Ke6 Kd4 60. Kd6 Kc3 61. Kc7 Kb2 62. Kxb7 Kxa2 63. Kxa6 Kxb3 1/2-1/2

[Event "9th BPB Limburg Open 2015"]
[Site "Maastricht NED"]
[Date "2015.05.25"]
[Round "6.9"]
[White "Burg, Twan"]
[Black "Roos, Adrian"]
[Result "1/2-1/2"]
[WhiteTitle "IM"]
[BlackTitle "CM"]
[WhiteElo "2507"]
[BlackElo "2229"]
[WhiteFideId "1010697"]
[BlackFideId "263621"]
[EventDate "2015.05.22"]

1. e4 c5 2. Nf3 d6 3. d4 cxd4 4. Nxd4 Nf6 5. f3 e5 6. Nb3 a5 7. Bb5+ Nc6 8. Nc3
Be7 9. Be3 O-O 10. O-O Na7 11. Be2 Bd7 12. a4 Nc8 13. Qd2 Nb6 14. Nb5 Nc8 15.
Rfd1 h6 16. Qe1 b6 17. Nd2 d5 18. exd5 Nxd5 19. Bf2 Nc7 20. Ne4 Nxb5 21. Bxb5
Ra7 22. Rd5 Qe8 23. Rxe5 Bxb5 24. axb5 Qd8 25. Rd1 Rd7 26. Rxd7 Qxd7 27. Nc3 Bb4
28. Qd1 Qc7 29. Re3 Bc5 30. Re2 Rd8 31. Rd2 Bxf2+ 32. Kxf2 Rxd2+ 33. Qxd2 Nd6
34. Qd4 Nf5 35. Qd5 Ne7 36. Qa8+ Kh7 37. Qe4+ g6 38. Na4 Qd6 39. Qd3 Qc7 40. c4
Nf5 41. g3 h5 42. Kg2 Qe5 43. Nxb6 Qe1 44. Nd5 h4 45. g4 Ng3 46. b6 Ne2 47. b7
Qg1+ 48. Kh3 Qf2 49. Qxe2 Qxe2 50. b8=Q g5 51. Nf6+ Kg6 52. Qg8+ Kxf6 53. Qd8+
Kg6 54. Qg8+ Kf6 55. Qd8+ Kg6 56. Qg8+ Kf6 1/2-1/2

[Event "9th BPB Limburg Open 2015"]
[Site "Maastricht NED"]
[Date "2015.05.25"]
[Round "6.11"]
[White "Beukema, Stefan"]
[Black "Goudriaan, Etienne"]
[Result "1/2-1/2"]
[WhiteTitle "FM"]
[BlackTitle "IM"]
[WhiteElo "2347"]
[BlackElo "2372"]
[WhiteFideId "1024523"]
[BlackFideId "1021150"]
[EventDate "2015.05.22"]

1. e4 c5 2. Nf3 d6 3. d4 cxd4 4. Qxd4 a6 5. c4 e5 6. Qd1 h6 7. Be2 Nf6 8. Nc3
Be7 9. O-O O-O 10. h3 Be6 11. Be3 Nbd7 12. Rc1 Rc8 13. Nd2 Nh7 14. Bg4 Bg5 15.
Bxe6 fxe6 16. Qe2 Qe7 17. Rfd1 Rf7 18. Nf1 Nb8 19. Qd3 Rd8 20. c5 Bxe3 21. Nxe3
Qh4 22. cxd6 Nc6 23. Ne2 Ng5 24. Ng3 Nd4 25. Nc4 Ndf3+ 26. Kf1 b5 27. Nb6 Nd4
28. d7 Nxh3 29. gxh3 Qxh3+ 30. Ke1 Nf3+ 31. Ke2 Nd4+ 32. Ke1 Nf3+ 33. Ke2 Nd4+ 1/2-1/2

[Event "9th BPB Limburg Open 2015"]
[Site "Maastricht NED"]
[Date "2015.05.25"]
[Round "7.8"]
[White "Bauer, Christian"]
[Black "Dragun, Kamil"]
[Result "1/2-1/2"]
[WhiteTitle "GM"]
[BlackTitle "GM"]
[WhiteElo "2624"]
[BlackElo "2580"]
[WhiteFideId "603767"]
[BlackFideId "1134167"]
[EventDate "2015.05.22"]

1. e4 c6 2. d3 d5 3. Qe2 dxe4 4. dxe4 e5 5. Nf3 Nf6 6. Nbd2 Nbd7 7. Nc4 Qc7 8.
Bd2 Bc5 9. b4 Be7 10. g3 O-O 11. Bg2 b5 12. Na5 c5 13. c3 Nb6 14. Qxb5 Nxe4 15.
Qc6 Qxc6 16. Nxc6 Bf6 17. Nfxe5 Nxd2 18. Kxd2 cxb4 19. cxb4 Bb7 20. f4 Rad8+ 21.
Kc2 Bxe5 22. fxe5 Bxc6 23. Bxc6 Nc4 24. Rhe1 Rc8 25. Be4 Rfd8 26. Rac1 Nd2+ 27.
Kb2 Rb8 28. a3 a5 29. Bc6 axb4 30. a4 Rd3 31. Bb5 Rb3+ 32. Kc2 Rd8 33. Red1 Rc3+
34. Kb2 Rb3+ 35. Kc2 Rc3+ 36. Kb2 Rb3+ 1/2-1/2